Pensadores latinoamericanos del siglo XX (Registro nro. 270)
[ vista simple ]
| 000 -LEADER | |
|---|---|
| fixed length control field | 01048 a2200217 4500 |
| 001 - CONTROL NUMBER | |
| control field | 2421 |
| 005 - DATE AND TIME OF LATEST TRANSACTION | |
| control field | 20260407155423.0 |
| 008 - FIXED-LENGTH DATA ELEMENTS--GENERAL INFORMATION | |
| fixed length control field | 260407a2006 arg spa d |
| 003 - CONTROL NUMBER IDENTIFIER | |
| control field | AR-UNSa-BCEJYS |
| 040 ## - CATALOGING SOURCE | |
| Original cataloging agency | AR-UNSa-BCEJYS |
| Language of cataloging | spa |
| Transcribing agency | AR-UNSa-BCEJYS |
| 080 ## - UNIVERSAL DECIMAL CLASSIFICATION NUMBER | |
| Universal Decimal Classification number | 94(74) |
| Common auxiliary subdivision | Historia de Latinoamerica |
| 020 ## - INTERNATIONAL STANDARD BOOK NUMBER | |
| International Standard Book Number | 987-1013-51-5 |
| 100 1# - MAIN ENTRY--PERSONAL NAME | |
| Personal name | Piñeiro Iñíguez, Carlos |
| 245 10 - TITLE STATEMENT | |
| Title | Pensadores latinoamericanos del siglo XX |
| Name of part/section of a work | ideas, utopía y destino |
| 264 #1 - PRODUCTION, PUBLICATION, DISTRIBUTION, MANUFACTURE, AND COPYRIGHT NOTICE | |
| Place of production, publication, distribution, manufacture | Buenos Aires : |
| Name of producer, publisher, distributor, manufacturer | Instituto Torcuato Di Tella |
| Date of production, publication, distribution, manufacture, or copyright notice | 2006 |
| 300 ## - PHYSICAL DESCRIPTION | |
| Extent | 823 p. |
| Dimensions | 24 cm. |
| 505 ## - FORMATTED CONTENTS NOTE | |
| Formatted contents note | 1. Nuesrta América, entre España y los Estados Unidos - 2. Las grandes corrientes de ideas con las que se pensó nuestra América - 3. Unidad hecha de diferencias y particularismos - 4. Utopías, pensadores y ensayo en nuestra América - 5. Pensadores Latinoamericanos del siglo XX |
| 590 ## - LOCAL NOTE (RLIN) | |
| Local note | niveau_biblio:m niveau_hierar:0 |
| 856 41 - ELECTRONIC LOCATION AND ACCESS | |
| Uniform Resource Identifier | <a href="https://biblioeco.unsa.edu.ar/pmb/images/libros/Pensadores latinoamericanos del siglo XX2-l117893.jpg">https://biblioeco.unsa.edu.ar/pmb/images/libros/Pensadores latinoamericanos del siglo XX2-l117893.jpg</a> |
| Link text | Imagen de portada |
| Electronic format type | image/jpeg |
| 942 ## - ADDED ENTRY ELEMENTS (KOHA) | |
| Koha item type | |
| Withdrawn status | Lost status | Damaged status | Not for loan | Home library | Current library | Shelving location | Date acquired | Total checkouts | Full call number | Barcode | Date last seen | Price effective from | Koha item type |
|---|---|---|---|---|---|---|---|---|---|---|---|---|---|
| Biblioteca Prof. Eusebio Cleto del Rey | Biblioteca Prof. Eusebio Cleto del Rey | 07/04/2026 | 94(74) P649 | L117893 | 07/04/2026 | 07/04/2026 | Libro |